00222nam a22000857a 4500008004100000020001800041100002000059245004900079300000800128131217t xxu||||| |||| 00| 0 eng d a0-330-02587-2 aAgatha Christie aMrs McGinty's DeadbA Hercule Poirot Mystery a340